Catálogo

Vista normal Vista MARC

Entrada Personal Name

Número de registros utilizados en: 1

001 - CONTROL NUMBER

  • control field: 17101

003 - CONTROL NUMBER IDENTIFIER

  • control field: DLC

005 - DATE AND TIME OF LATEST TRANSACTION

  • control field: 20250522121247.0

008 - FIXED-LENGTH DATA ELEMENTS

  • fixed length control field: 191127n| azannaabn |a aaa c

010 ## - LIBRARY OF CONGRESS CONTROL NUMBER

  • LC control number: ns2019003731

035 ## - SYSTEM CONTROL NUMBER

  • System control number: (CaEvSKY)skya12126298

040 ## - CATALOGING SOURCE

  • Original cataloging agency: MX-XaUV
  • Language of cataloging: spa
  • Description conventions: rda
  • Transcribing agency: Mx-PuUPA
  • Modifying agency: Mx-PuUPA

100 1# - HEADING--PERSONAL NAME

  • Personal name: Borrego de la Rosa, Liliana,

373 ## - ASSOCIATED GROUP

  • Associated group: Asociación Latinoamericana de Ciencias de la Salud

374 ## - OCCUPATION

  • Occupation: Autor

375 ## - GENDER

  • Gender: mujer
  • Source of term: lcdgt

377 ## - ASSOCIATED LANGUAGE

  • Language code: spa

400 1# - SEE FROM TRACING--PERSONAL NAME

  • Personal name: Rosa, Liliana Borrego de la

400 1# - SEE FROM TRACING--PERSONAL NAME

  • Personal name: De la Rosa, Liliana Borrego

400 1# - SEE FROM TRACING--PERSONAL NAME

  • Personal name: La Rosa, Liliana Borrego de

670 ## - SOURCE DATA FOUND

  • Source citation: Manual de primeros auxilios y manejo de complicaciones médicas en el consultorio dental, 2017:
  • Information found: title page (Liliana Borrego de la Rosa; President of the Asociación Latinoamericana de Ciencias de la Salud)